Memory makes money

Bibliographic Details
Main Author: Lorayne, Harry
Format: Book
Published: Boston : Little,Brown and Company , 1988
Subjects:

MARC

LEADER 00000cam a2200000 7i4500
001 0000017445
002 000018999
005 20000330.0
020 |a 0316532673 
090 0 0 |a 153.14   |b LOR 
100 1 |a Lorayne, Harry 
245 1 0 |a Memory makes money   |c Harry Lorayne 
260 |a Boston :   |b Little,Brown and Company ,   |c 1988 
300 |a 226p. ;   |c 26cm. 
650 0 0 |a Mnemonics 
999 |a 026395   |b BUKU   |c PINJAMAN   |e PERPUSTAKAAN KOMUNITI PETALING JAYA